LIBRARY & INFORMATION CENTRE, KCAET, TAVANUR

ONLINE PUBLIC ACCESS CATALOGUE (OPAC)

Theory and problems of matrices / (Record no. 10696)

MARC details
000 -LEADER
fixed length control field 00438cam a2200169ua 4500
020 ## - INTERNATIONAL STANDARD BOOK NUMBER
ISBN 0 07 099035 2
041 ## - LANGUAGE CODE
Language code of text/sound track or separate title eng
082 ## - DEWEY DECIMAL CLASSIFICATION NUMBER
Classification number 512.9434
Item number FRA/TH
100 ## - MAIN ENTRY--AUTHOR NAME
Personal name Frank, Ayres .
245 ## - TITLE STATEMENT
Title Theory and problems of matrices /
260 ## - PUBLICATION, DISTRIBUTION, ETC. (IMPRINT)
Place of publication New York :
Name of publisher McGraw Hill Book Company ,
Year of publication 1974.
300 ## - PHYSICAL DESCRIPTION
Number of Pages 218 ; .
942 ## - ADDED ENTRY ELEMENTS (KOHA)
Koha item type Books
Holdings
Withdrawn status Lost status Damaged status Home library Current library Shelving location Date acquired Full call number Accession Number Koha item type
      KAUAET KAUAET Scheme 07/04/2012 512.9434 18188 Book Bank scheme for SC students
      KAUAET KAUAET Scheme 07/04/2012 512.9434 18189 Book Bank scheme for SC students
      KAUAET KAUAET Scheme 23/07/2018 512.9434 FRA/TH 18187 Book Bank scheme for SC students
free website counter